Szczegóły MARC21

The Soviet Union and Eastern Europe in the global economy /

005 -DATA I CZAS OSTATNIEJ MODYFIKACJI [,]
    • @
    • pole kontrolne
    • 20150108135713.0
020 -Międzynarod. znormalizowany nr książki - ISBN [ , ]
    • a
    • Numer ISBN
    • 9780521414173 Find
020 -Międzynarod. znormalizowany nr książki - ISBN [ , ]
    • a
    • Numer ISBN
    • 9780521172356 Find
020 -Międzynarod. znormalizowany nr książki - ISBN [ , ]
    • a
    • Numer ISBN
    • 0521414172 (hardback) Find
040 -Instytucja sporządzająca opis [ , ]
    • a
    • Instytucja, która sporządziła opis (NP)
    • SZCZ U/JG
    • c
    • Instytucja, która sporządziła rekord (NP)
    • SZCZ U/JG
    • d
    • Instytucja, która zmodyfikowała rekord (P)
    • SZCZ U/ML
041 -Język dokumentu [0, ]
    • a
    • Język tekstu (P)
    • angielski
044 -Kraj miejsca wydania [ , ]
    • a
    • Kraj miejsca wydania
    • Wielka Brytania
942 -Rodzaj dokumentu [ , ]
    • c
    • Rodzaj dokumentu
    • Książka
245 -Strefa tytułu i oznaczenia odpowiedzialności [0,4]
    • a
    • Tytuł
    • The Soviet Union and Eastern Europe in the global economy / Find
    • c
    • Pozostałe elementy strefy tytułu i oznaczenia odpowiedzialności (NP)
    • ed. by Marie Lavigne.
250 -Strefa wydania [ , ]
    • a
    • Oznaczenie wydania (NP)
    • 1st paperback ed.
260 -Strefa adresu wydawniczego [ , ]
    • a
    • Miejsce wydania (P)
    • Cambridge :
    • b
    • Nazwa wydawcy (P)
    • Cambridge University Press,
    • c
    • Data wydania (P)
    • 2010.
300 -Strefa opisu fizycznego [ , ]
    • a
    • Określenie formy książki i/lub objętość (NP)
    • XV, 219 s. :
    • b
    • Oznaczenie ilustracji (NP)
    • il. ;
    • c
    • Format (NP)
    • 23 cm.
500 -Uwaga ogólna [ , ]
    • a
    • Uwaga ogólna (NP)
    • Na s. przedtyt.: Selected papers from the Fourth World Congress for Soviet and East European Studies Harrogate, 1990.
504 -Uwaga dot. bibliogr. załącznikowej [ , ]
    • a
    • Uwaga dot. bibliografii załącznikowej
    • Indeks.
080 -Uniwersalna Klasyfikacja Dziesiętna [ , ]
    • 2
    • Identyfikator wydania tablic
    • UDC-P058
    • 9
    • UKD
    • 51353
    • a
    • Symbol klasyfikacji
    • 338.1(47+57)
    • b
    • Dopowiedzenie
    • Sytuacja gospodarcza Związku Socjalistycznych Republik Radzieckich. ZSRR (do 1991). Wspólnoty Niepodległych Państw (od 1991). WNP.
    • 4
    • UKD2
    • 8230
    • x
    • Poddział wspólny
    • "19"
    • c
    • Dopowiedzenie poddz. wspólnego
    • Wiek XX.
    • 4
    • UKD2
    • 7644
    • x
    • Poddział wspólny
    • =111
    • c
    • Dopowiedzenie poddz. wspólnego
    • =Język angielski.
080 -Uniwersalna Klasyfikacja Dziesiętna [ , ]
    • 2
    • Identyfikator wydania tablic
    • UDC-P058
    • 9
    • UKD
    • 52980
    • a
    • Symbol klasyfikacji
    • 338.1(4-11)
    • b
    • Dopowiedzenie
    • Sytuacja gospodarcza Europy Wschodniej.
    • 4
    • UKD2
    • 8230
    • x
    • Poddział wspólny
    • "19"
    • c
    • Dopowiedzenie poddz. wspólnego
    • Wiek XX.
    • 4
    • UKD2
    • 7644
    • x
    • Poddział wspólny
    • =111
    • c
    • Dopowiedzenie poddz. wspólnego
    • =Język angielski.
980 -Symbol UKD [ , ]
    • a
    • UKD
    • 338.1(47+57):338.1(4-11)]"19"=111
700 -Hasło dodatkowe - nazwa osobowa [1, ]
    • 9
    • KHW
    • 77651
    • a
    • Nazwa osobowa (NP)
    • Lavigne, Marie-Louise Find
    • d
    • Daty biograficzne (NP)
    • (1935- ).
    • e
    • Określenie rodzaju współpracy
    • Red.
710 -Hasło dodatkowe - nazwa ciała zbiorowego [2, ]
    • 4
    • Kod relacji
    • pbl
    • 9
    • KHW
    • 615085
    • a
    • Nazwa ciała zbiorowego lub nazwa geograficzna jako pierwszy element (NP)
    • Cambridge University Press.
920 -ISBN [ , ]
    • a
    • ISBN
    • 978-0-521-41417-3 (hardback) Find
920 -ISBN [ , ]
    • a
    • ISBN
    • 978-0-521-17235-6 (paperback) Find
920 -ISBN [ , ]
    • a
    • ISBN
    • 0-521-41417-2 (hardback) Find
Lokalizacja Data inwentaryzacji Status udost. Numer inwentarzowy Sygnatura
T2014-05-14-2T.16902T.16902